00583nam a2200229Ia 4500008004100000020002200041050001700063050001400080100001600094245002500110245003300135245001500168260001600183260002200199260000900221300001600230300002000246300001100266500005100277650001000328650001500338180523s9999 xx 000 0 und d a978-981-4336-70-3 aMAIN TX 354  b.B76 2011 aBrown, Amy. 0aUnderstanding food : 0bpreparation and principles / 0cAmy Brown. aSingapore : bCengage Learning, c2011 a757 pages : billustrations ; c23 cm. aIncludes bibliographical references and index. aFood. xNutrition.